| LEADER |
01309nam0a2200253 450 |
| 001 |
16868139 |
| 010 |
|
|
|a 978-2-8222-2619-6
|b cart.
|d 11,95
|
| 100 |
|
|
|a 20190108d2022 u u0frey01 ba
|
| 101 |
0 |
|
|a fre
|
| 102 |
|
|
|a FR
|
| 200 |
0 |
|
|a Coeur poivré
|f adaptation BD Véronique Grisseaux
|g d'après le roman de Cathy Cassidy - création du design des personnages Raymond Sébastien - couleurs Drac, Reiko et Zora
|
| 207 |
|
1 |
|a
|
| 215 |
|
|
|a 1 vol. (47 p.)
|c illustrations en couleur
|d 31 x 23 cm
|
| 330 |
|
|
|a L'été dernier, Jamie a eu un vrai coup de foudre pour Skye. Ensemble, ils ont passé des moments fabuleux. Mais, depuis son retour à Londres, Jamie sent que ses sentiments pour Skye s'estompent... Surtout depuis qu'il a rencontré Ellie, une fille qui l'attire malgré lui. Et plus il essaie de faire ' ce qui est bien ', plus il a l'impression de se transformer en lâche et en menteur...
|
| 461 |
|
0 |
|t Les Filles au chocolat
|v 09
|
| 700 |
|
0 |
|a Grisseaux
|b Véronique
|f 1959-....
|4 70
|
| 701 |
|
0 |
|a Sébastien
|b Raymond
|4 440
|
| 701 |
|
0 |
|a Cassidy
|b Cathy
|4 100
|
| 702 |
|
0 |
|a Drac
|4 410
|
| 702 |
|
0 |
|a Reiko
|4 410
|
| 702 |
|
0 |
|a Zora
|4 410
|
| 900 |
|
|
|a Bande Dessinée (enfants)
|
| 901 |
|
|
|a Jeunesse
|
| 995 |
|
|
|a Médiathèque
|c Médiathèque
|f 00156009390956
|h 00156009390956
|k BD FIL
|o p
|q j
|r az
|e Médiathèque
|